[Event "Bratto op 34th"]
[Site "Bratto"]
[Date "2014.08.27"]
[Round "6"]
[White "Bresciani, Nicola"]
[Black "Podini, Francesco"]
[Result "1-0"]
[WhiteElo "2226"]
[BlackElo "2031"]
[PlyCount "115"]
[EventDate "2014.08.22"]
[EventType "swiss"]
[EventRounds "9"]
[EventCountry "ITA"]
[SourceTitle "EXT 2016"]
[Source "ChessBase"]
[SourceDate "2015.10.08"]
[SourceVersion "1"]
[SourceVersionDate "2015.10.08"]
[SourceQuality "1"]

1. e4 c5 2. Nf3 e6 3. d4 cxd4 4. Nxd4 Nf6 5. Nc3 d6 6. Be2 a6 7. 0-0 Be7 8. f4 0-0 9. Kh1 Qc7 10. Qe1 b5 11. Bf3 Bb7 12. e5 dxe5 13. fxe5 Nfd7 14. Qg3 Kh8 15. Bxb7 Qxb7 16. Bf4 b4 17. Nce2 Nc6 18. Qf3 Rac8 19. Rad1 Nb6 20. c4 bxc3 21. Nxc3 Qc7 22. Ne4 Nxd4 23. Rxd4 Nd5 24. Rdd1 Qb6 25. Bg5 Bxg5 26. Nxg5 f6 27. Nxe6 Qxe6 28. Qxd5 Qxe5 29. Qxe5 fxe5 30. Rxf8+ Rxf8 31. Kg1 Kg8 32. Rd5 Re8 33. Kf2 Re6 34. b4 Kf7 35. Ke3 Kf6 36. a4 Rc6 37. Rc5 Rd6 38. b5 axb5 39. axb5 Rd4 40. Rc6+ Kf5 41. Rc7 Kf6 42. b6 Rb4 43. b7 h5 44. g3 g6 45. h3 Kf5 46. Kd3 e4+ 47. Kc3 Rb1 48. Kd4 Rd1+ 49. Kc5 Rb1 50. Kc6 e3 51. Re7 Rc1+ 52. Kd7 Rd1+ 53. Kc8 Rc1+ 54. Rc7 Rxc7+ 55. Kxc7 e2 56. b8Q e1Q 57. Qf8+ Kg5 58. Qf4# 1-0

[Event "Bratto op 33rd"]
[Site "Bratto"]
[Date "2013.08.22"]
[Round "6"]
[White "Janev, Evgeni"]
[Black "Bresciani, Nicola"]
[Result "1/2-1/2"]
[WhiteElo "2451"]
[BlackElo "2235"]
[PlyCount "106"]
[EventDate "2013.08.17"]
[EventType "swiss"]
[EventRounds "9"]
[EventCountry "ITA"]
[SourceTitle "CBM 156 Extra"]
[Source "ChessBase"]
[SourceDate "2013.10.22"]
[SourceVersion "1"]
[SourceVersionDate "2013.10.22"]
[SourceQuality "1"]

1. e4 c5 2. Nf3 d6 3. d4 cxd4 4. Qxd4 a6 5. Bg5 Nc6 6. Qd2 g6 7. c4 Bg7 8. Nc3 Nf6 9. Bh6 0-0 10. Bxg7 Kxg7 11. Be2 Bg4 12. 0-0 Rc8 13. b3 Qa5 14. Rac1 Bxf3 15. Bxf3 e5 16. Be2 Nd4 17. Bd3 Nh5 18. Qb2 Nf4 19. Bb1 b5 20. b4 Qd8 21. Kh1 Rxc4 22. g3 Nf3 23. Ne2 Rxc1 24. Rxc1 Nxe2 25. Qxe2 Nd4 26. Qe3 Qd7 27. a3 Rc8 28. Rxc8 Qxc8 29. Ba2 Qc2 30. Bd5 Qd1+ 31. Kg2 Nc2 32. Qb3 Ne1+ 33. Kf1 Nc2+ 34. Kg2 Ne1+ 35. Kf1 Qe2+ 36. Kg1 Qd2 37. Qe3 Qd1 38. Qb3 Nc2+ 39. Kg2 Qe2 40. Qa2 Ne3+ 41. Kg1 Nc2 42. Qb3 Ne1 43. Qa2 Nd3 44. Qb3 Qd1+ 45. Kg2 Qe2 46. h4 Ne1+ 47. Kg1 Nd3 48. Qa2 Qd1+ 49. Kg2 Ne1+ 50. Kh2 Qf3 51. Kg1 Qd1 52. Kf1 Nf3+ 53. Kg2 Nd2 1/2-1/2

[Event "Bratto op-B 32nd"]
[Site "Bratto"]
[Date "2012.08.18"]
[Round "1"]
[White "Prelati, Maurizio"]
[Black "Bresciani, Nicola"]
[Result "1-0"]
[WhiteElo "1991"]
[BlackElo "2255"]
[PlyCount "63"]
[EventDate "2012.08.18"]
[EventType "swiss"]
[EventRounds "9"]
[EventCountry "ITA"]
[SourceTitle "EXT 2014"]
[Source "ChessBase"]
[SourceDate "2013.11.20"]
[SourceVersion "1"]
[SourceVersionDate "2013.11.20"]
[SourceQuality "1"]

1. e4 c5 2. Nc3 Nc6 3. f4 g6 4. Nf3 Bg7 5. Bc4 e6 6. f5 Nge7 7. fxe6 fxe6 8. d3 d5 9. Bb3 0-0 10. 0-0 b5 11. Nxb5 Qb6 12. c4 dxc4 13. dxc4 a6 14. Nc3 Nd4 15. Be3 Nec6 16. Kh1 Rb8 17. Rb1 Rd8 18. Qe1 Nxb3 19. axb3 Nd4 20. Qh4 Rf8 21. Bh6 Nxf3 22. Rxf3 Rxf3 23. gxf3 Qc7 24. Bxg7 Kxg7 25. Rd1 Rxb3 26. Qd8 Qxd8 27. Rxd8 Bb7 28. Na4 Bc6 29. Nxc5 Rxb2 30. Rd6 Be8 31. Rxa6 Rf2 32. Nxe6+ 1-0

[Event "Presolana op 31st"]
[Site "Presolana"]
[Date "2011.08.21"]
[Round "2"]
[White "Sertic, Rudolf"]
[Black "Bresciani, Nicola"]
[Result "1-0"]
[WhiteElo "2406"]
[BlackElo "2287"]
[PlyCount "99"]
[EventDate "2011.08.20"]
[EventType "swiss"]
[EventRounds "9"]
[EventCountry "ITA"]
[SourceTitle "CBM 144 Extra"]
[Source "ChessBase"]
[SourceDate "2011.10.28"]
[SourceVersion "1"]
[SourceVersionDate "2011.10.28"]
[SourceQuality "1"]

1. e4 c5 2. Nf3 e6 3. d4 cxd4 4. Nxd4 a6 5. Be2 Nf6 6. Nc3 Qc7 7. 0-0 Bc5 8. Kh1 d6 9. f4 Nbd7 10. Bf3 Rb8 11. a4 b6 12. Nb3 Bb7 13. Nxc5 bxc5 14. Qd2 0-0 15. Rd1 Ne8 16. Qe2 Qb6 17. b3 Qa7 18. Be3 Bc6 19. Bf2 Qa8 20. Bh4 f5 21. exf5 Bxf3 22. gxf3 exf5 23. Be7 Rf7 24. Bxd6 Rb6 25. Be5 Re6 26. Nd5 Qb7 27. Rd3 Nd6 28. c4 Nxe5 29. fxe5 f4 30. Rad1 Rf5 31. Nf6+ Rfxf6 32. Rxd6 Qxb3 33. Rd8+ Rf8 34. Qe4 Ree8 35. Qd5+ Kh8 36. Rxe8 Rxe8 37. Re1 Qc3 38. Re2 h6 39. e6 Qf6 40. Qxc5 Qa1+ 41. Kg2 Qd1 42. Qe5 Qxa4 43. Qxf4 Qd1 44. Qe4 a5 45. c5 a4 46. c6 Qd6 47. Qc4 a3 48. c7 Rc8 49. e7 Qg6+ 50. Qg4 1-0

[Event "Bratto op 29th"]
[Site "Bratto"]
[Date "2009.08.24"]
[Round "4"]
[White "Collutiis, Duilio"]
[Black "Bresciani, Nicola"]
[Result "1-0"]
[WhiteElo "2449"]
[BlackElo "2274"]
[PlyCount "136"]
[EventDate "2009.08.21"]
[EventType "swiss"]
[EventRounds "9"]
[EventCountry "ITA"]
[SourceTitle "CBM 132 Extra"]
[Source "ChessBase"]
[SourceDate "2009.11.03"]
[SourceVersion "1"]
[SourceVersionDate "2009.11.03"]
[SourceQuality "1"]

1. e4 c5 2. Nc3 Nc6 3. Bb5 Nd4 4. Bc4 g6 5. Nf3 Bg7 6. Nxd4 cxd4 7. Qf3 Nh6 8. Ne2 0-0 9. h3 e6 10. d3 f5 11. Qg3 fxe4 12. dxe4 Nf7 13. 0-0 Qb6 14. Kh1 Qc6 15. Bd3 e5 16. Bd2 d5 17. f3 Be6 18. b3 Nd6 19. Qh4 Rf7 20. Ng3 Raf8 21. Bb4 Re8 22. Qg5 Rf4 23. Ne2 Nf7 24. Qg3 Rf6 25. Rad1 dxe4 26. Bxe4 Qb6 27. Qe1 Ng5 28. Ng3 Rf7 29. c4 Bf8 30. Bd2 Nxe4 31. Nxe4 Bf5 32. Qe2 Qc6 33. Rde1 Bg7 34. Qd3 b6 35. Re2 a5 36. Rfe1 Bxe4 37. Rxe4 Ref8 38. R1e2 Rf5 39. Be1 Rf4 40. Bg3 Rxe4 41. Rxe4 Rf5 42. Re2 a4 43. Bh2 h5 44. b4 Kh7 45. a3 Bf6 46. Re4 h4 47. Bg1 Bg5 48. Bf2 Qf6 49. Qd1 Qc6 50. Bxh4 Qxc4 51. Bxg5 Rxg5 52. g4 Qb3 53. Qxb3 axb3 54. Kg2 b2 55. Re1 e4 56. fxe4 d3 57. Rb1 d2 58. Kf3 Re5 59. Ke3 Re7 60. Kxd2 Rxe4 61. Rxb2 Kh6 62. Rc2 Re6 63. Kd3 Kg5 64. Kd4 Kf4 65. Rc3 Rd6+ 66. Kc4 Rc6+ 67. Kb3 Re6 68. a4 Ke5 1-0

[Event "Bratto op-A 27th"]
[Site "Bratto"]
[Date "2007.08.30"]
[Round "8"]
[White "Efimov, Igor"]
[Black "Bresciani, Nicola"]
[Result "1-0"]
[WhiteElo "2426"]
[BlackElo "2278"]
[PlyCount "91"]
[EventDate "2007.08.23"]
[EventType "swiss"]
[EventRounds "9"]
[EventCountry "ITA"]
[SourceTitle "CBM 120 Extra"]
[Source "ChessBase"]
[SourceDate "2007.11.01"]
[SourceVersion "1"]
[SourceVersionDate "2007.11.01"]
[SourceQuality "1"]

1. d4 Nf6 2. Nf3 e6 3. c4 b6 4. a3 Bb7 5. Nc3 d5 6. Bg5 Be7 7. Qa4+ Bc6 8. Qb3 0-0 9. e3 Nbd7 10. cxd5 exd5 11. Be2 Bb7 12. 0-0 c5 13. Bxf6 Bxf6 14. Nxd5 cxd4 15. Nxf6+ Nxf6 16. Nxd4 Rc8 17. Rfd1 Qe7 18. Bf3 Rc5 19. Rac1 Bxf3 20. Nxf3 Rfc8 21. Rxc5 Qxc5 22. h3 h6 23. Nd4 Qh5 24. Nb5 Qe2 25. Nc3 Qh5 26. Rd4 Qe5 27. a4 g6 28. Qd1 Kg7 29. Qd3 Rc7 30. f4 Qc5 31. Kh2 h5 32. e4 h4 33. Nb5 Re7 34. Qc3 Qxc3 35. Nxc3 Nh5 36. e5 f6 37. Re4 fxe5 38. fxe5 g5 39. Ne2 Kg6 40. Nd4 Ng3 41. Re1 Nf5 42. Nf3 Rc7 43. Re4 Ng3 44. Rg4 Rc1 45. Nxh4+ Kh5 46. Kxg3 1-0

[Event "Bratto op 24th"]
[Site "Bratto"]
[Date "2004.08.24"]
[Round "5"]
[White "Zoldan, Matteo"]
[Black "Bresciani, Nicola"]
[Result "1/2-1/2"]
[WhiteElo "2103"]
[BlackElo "2284"]
[PlyCount "59"]
[EventDate "2004.08.20"]
[EventType "swiss"]
[EventRounds "9"]
[EventCountry "ITA"]
[SourceTitle "CBM 101 Extra"]
[Source "ChessBase"]
[SourceDate "2004.09.01"]
[SourceVersion "2"]
[SourceVersionDate "2004.09.01"]
[SourceQuality "1"]

1. e4 c5 2. Nf3 d6 3. d4 cxd4 4. Nxd4 Nf6 5. Nc3 a6 6. Be3 e5 7. Nb3 Be6 8. Qd2 Nbd7 9. f3 b5 10. a4 b4 11. Nd5 Bxd5 12. exd5 Nb6 13. Bxb6 Qxb6 14. a5 Qb7 15. Bc4 g6 16. Ra4 Rb8 17. Nc1 h5 18. Na2 Bh6 19. Qe2 Qd7 20. b3 0-0 21. Nxb4 Qxa4 22. bxa4 Rxb4 23. Bb3 Ra8 24. 0-0 Nd7 25. g3 Nc5 26. Kg2 Rab8 27. Ra1 Rd4 28. Rd1 Rdb4 29. Re1 Rd4 30. Rd1 1/2-1/2

[Event "Bratto op 24th"]
[Site "Bratto"]
[Date "2004.08.23"]
[Round "4"]
[White "Bresciani, Nicola"]
[Black "Agnelli, Francesco"]
[Result "1-0"]
[WhiteElo "2284"]
[BlackElo "2097"]
[PlyCount "126"]
[EventDate "2004.08.20"]
[EventType "swiss"]
[EventRounds "9"]
[EventCountry "ITA"]
[SourceTitle "CBM 101 Extra"]
[Source "ChessBase"]
[SourceDate "2004.09.01"]
[SourceVersion "2"]
[SourceVersionDate "2004.09.01"]
[SourceQuality "1"]

1. e4 c5 2. Nf3 Nc6 3. d4 cxd4 4. Nxd4 e5 5. Nb5 d6 6. c4 f5 7. exf5 Bxf5 8. Bd3 Be6 9. 0-0 Be7 10. Nd2 Nf6 11. Nc3 0-0 12. Nf3 Bg4 13. h3 Bh5 14. Be2 Bg6 15. Nh4 Bf7 16. Nf5 Be6 17. Nxe7+ Qxe7 18. Be3 Qf7 19. Qa4 Qg6 20. Kh2 Ne7 21. Rad1 Nf5 22. Nd5 Bxd5 23. cxd5 Nxe3 24. fxe3 Ne4 25. Bf3 Qg3+ 26. Kg1 Ng5 27. Qg4 Nxf3+ 28. Rxf3 Qxg4 29. hxg4 Rac8 30. Rd2 Rc4 31. Kf2 Rxg4 32. Rc2 Rb4 33. b3 h5 34. Rc7 Rxf3+ 35. Kxf3 Kh7 36. Rd7 Rb6 37. Ke4 Kg6 38. Kd3 Kf6 39. Kc4 a5 40. a3 h4 41. e4 g6 42. Rh7 Kg5 43. Rg7 Kh5 44. Rf7 Kg4 45. b4 axb4 46. axb4 Ra6 47. Rxb7 Ra2 48. Rd7 Rxg2 49. Rxd6 g5 50. b5 Rb2 51. Rh6 h3 52. d6 Kg3 53. Kc5 h2 54. d7 Rd2 55. Kc6 Kg2 56. b6 Rc2+ 57. Kd6 h1Q 58. Rxh1 Kxh1 59. b7 g4 60. b8Q Rd2+ 61. Kc7 g3 62. Qh8+ Rh2 63. d8Q g2 1-0

[Event "Bratto op 22nd"]
[Site "Bratto"]
[Date "2002.08.24"]
[Round "5"]
[White "Drabke, Lorenz Maximilian"]
[Black "Bresciani, Nicola"]
[Result "1/2-1/2"]
[WhiteElo "2362"]
[BlackElo "2270"]
[PlyCount "81"]
[EventDate "2002.08.20"]
[EventType "swiss"]
[EventRounds "9"]
[EventCountry "ITA"]
[SourceTitle "EXT 2003"]
[Source "ChessBase"]
[SourceDate "2002.11.25"]
[SourceVersion "1"]
[SourceVersionDate "2002.11.25"]
[SourceQuality "1"]

1. c4 Nf6 2. Nc3 c5 3. Nf3 b6 4. d4 cxd4 5. Nxd4 Bb7 6. f3 e6 7. e4 d6 8. Be3 Be7 9. Be2 0-0 10. 0-0 a6 11. Qd2 Nbd7 12. Rfc1 Rc8 13. Bf1 Ne5 14. Na4 Nfd7 15. b4 d5 16. exd5 exd5 17. cxd5 b5 18. Rxc8 Bxc8 19. Nc6 Nxc6 20. dxc6 bxa4 21. cxd7 Qxd7 22. Qxd7 Bxd7 23. Bc5 Bxc5+ 24. bxc5 Bb5 25. Rb1 Rb8 26. Kf2 Kf8 27. Ke3 Re8+ 28. Kd2 Bxf1 29. Rxf1 Rb8 30. Rc1 Ke7 31. Kc3 a3 32. Rc2 Kd7 33. Rd2+ Kc7 34. Rd6 Rb2 35. g4 Rxa2 36. Rxa6 Rxh2 37. Rxa3 Kc6 38. Ra7 Kxc5 39. Rxf7 g6 40. Kd3 Kd5 41. Re7 1/2-1/2